000 00827cam a22002291 4500
999 _c127432
_d127432
001 8476120
003 ARRUPE
005 20180118092323.0
008 760818s1962 xx 000 0 fre
010 _a 66089727
035 _a(OCoLC)2381464
040 _aDLC
_cOAkU
_dOCoLC
_dDLC
042 _apremarc
050 0 0 _aBL2400
_b.C6 1961
111 2 _aColloque sur la contribution des religions à l'expression culturelle de la personnalité africaine
_d(1961 :
_cAbidjan, Côte d'Ivoire)
_938691
245 1 0 _aColloque sur les religions,
_bAbidjan, 5/12 avril 1961.
_cColloque sur les religions
260 _aParis,
_bPrésence africaine
_c[1962]
300 _a240 p.
_c23 cm.
651 0 _aAfrica
_xReligion
_vCongresses.
_938692
906 _a7
_bcbc
_coclcrpl
_du
_encip
_f19
_gy-gencatlg
942 _2lcc
_cMONOGRAPH